Εισαγωγή στη θεωρία και την πρακτική της κοινωνικής εργασίας

Αποθηκεύτηκε σε:
Λεπτομέρειες βιβλιογραφικής εγγραφής
Κύριος συγγραφέας: Καλλινικάκη, Θεανώ
Μορφή: Βιβλίο
Γλώσσα:Greek
Δημοσίευση: Αθήνα : Τόπος, c2011.
Έκδοση:6η εκδ.
Σειρά:Σπουδαστήριο Κοινωνικής και Κοινοτικής Εργασίας
Θέματα:
Ετικέτες: Προσθήκη ετικέτας
Δεν υπάρχουν, Καταχωρήστε ετικέτα πρώτοι!

MARC

LEADER 00000cam a2200000 a 4500
001 1/122944
008 210519s2011####gr |||||||||||||| ||gre||
020 |a 9789604990092 
040 |a GR-MyUa  |b gre  |c GR-MyUa  |e AACR2 
041 0 |a gre 
082 7 |a 361.3  |2 (23) 
100 1 |a Καλλινικάκη, Θεανώ. 
245 1 0 |a Εισαγωγή στη θεωρία και την πρακτική της κοινωνικής εργασίας /   |c Θεανώ Καλλινικάκη.  
250 |a 6η εκδ.  
260 |a Αθήνα :   |b Τόπος,   |c c2011.  
300 |a 293 σ. :   |b πιν. ;   |c 24 εκ.  
490 1 |a (Σπουδαστήριο Κοινωνικής και Κοινοτικής Εργασίας)  
504 |a Περιέχει βιβλιογραφικές αναφορές.  
650 0 |a Social service 
650 0 |a Social service  |x Philosophy. 
830 0 |a Σπουδαστήριο Κοινωνικής και Κοινοτικής Εργασίας 
852 |a INST  |b LESVOS  |c EUDOXUS  |e 20210519  |h 361.3 ΚΑΛ  |p 005100063377  |q 005100063377  |t EDX  |y 0 
920 |a Εύδοξος  |b Παραγγελία  |y Λέσβος-ΤΚ  |z 2021-05 
970 |a Καμάτσου  |b Δέσποινα  |z 19-05-2021